LDR 00836naa#a2200193#i#450# 001 RU\\bibl\125571 005 20260702074035.4 011 ## _a2782-4586 100 ## _a20260630b2026####ek#y0rusy0150####ca 102 ## _aRU 200 1# _aАнализ маркетинговых инструментов, применимых в управлении персоналом организации _eЖурнальная статья 210 1# _aМосква _cУниверситет ИТБО _d2026 215 ## _a5 с. 608 ## _aЖурнальная статья _2local 675 ## _aВзаимоотношения на производстве. 658.3 _z 700 #1 _aАкимова _gЮлия Николаевна 700 #1 _aБойко _gДарья Борисовна 700 #1 _aБелоголовая _gАнна Анатольевна 856 4# _ajomeam.ru _u